Headway, Upper-Intermediate : Pronunciation /

Đã lưu trong:
书目详细资料
主要作者: Bowler, Bill
其他作者: Cunningham, Sarah
格式: Sách giấy
语言:English
出版: Oxford : Oxford University Press, 1991
标签: 添加标签
没有标签, 成为第一个标记此记录!
Thư viện lưu trữ: Thư viện Trường Đại học Đà Lạt
LEADER 00599nam a2200241 4500
001 DLU020001197
005 ##1/26/1999
041 # # |a eng 
082 # # |a 428.1  |b BO-B 
100 # # |a Bowler, Bill 
245 # # |a Headway, Upper-Intermediate :  |b Pronunciation /  |c Bill Bowler, Sarah Cunningham 
260 # # |a Oxford :  |b Oxford University Press,  |c 1991 
300 # # |a X, 109 tr.;  |c 28 cm. 
700 # # |a Cunningham, Sarah 
992 # # |a 15000 
994 # # |a DLU 
900 # # |a False 
911 # # |a Administrator 
925 # # |a G 
926 # # |a A 
927 # # |a SH 
980 # # |a Thư viện Trường Đại học Đà Lạt